Julio González (Record no. 106392)

MARC details
000 -LEADER
campo de control de longitud fija 01018nam a2200265 i 4500
001 - NÚMERO DE CONTROL
campo de control 106392
003 - IDENTIFICADOR DE NÚMERO DE CONTROL
campo de control ES-MaACL
005 - FECHA Y HORA DE LA ÚLTIMA TRANSACCIÓN
campo de control 20250910063112.0
007 - CAMPO FIJO DE DESCRIPCIÓN FÍSICA--INFORMACIÓN GENERAL
campo de control de longitud fija t|
008 - DATOS DE LONGITUD FIJA--INFORMACIÓN GENERAL
campo de control de longitud fija 061107s1961 sp ||||1| spa d
080 ## - NÚMERO DE LA CLASIFICACIÓN DECIMAL UNIVERSAL
Número de la Clasificación Decimal Universal 730 González, Julio (083.82)
100 0# - ENTRADA PRINCIPAL--NOMBRE DE PERSONA
Nombre de persona González, Julio,
Fechas asociadas al nombre 1876-1942
9 (RLIN) 58347
245 10 - MENCIÓN DEL TÍTULO
Título Julio González
Resto del título : [exposición, Palacio de la Virreina (Barcelona), 27 de abril-27 de mayo de 1960] /
Mención de responsabilidad, etc. [Texto: Alfonso Roig, Roberta González].
260 ## - PUBLICACIÓN, DISTRIBUCIÓN, ETC.
Lugar de publicación, distribución, etc. Madrid :
Nombre del editor, distribuidor, etc. Editora Nacional,
Fecha de publicación, distribución, etc. [1960]
300 ## - DESCRIPCIÓN FÍSICA
Extensión [82] p. :
Otras características físicas principalmente il. n. ;
Dimensiones 21 cm.
490 1# - MENCIÓN DE SERIE
Mención de serie Cuadernos de arte. Colección ordinaria ;
Designación de volumen o secuencia 60
600 04 - PUNTO DE ACCESO ADICIONAL DE MATERIA--NOMBRE DE PERSONA
Nombre de persona González, Julio,
Fechas asociadas al nombre 1876-1942-
Subdivisión de forma Exposiciones
9 (RLIN) 58348
655 #7 - TERMINO DE INDIZACIÓN--GENERO/FORMA
Fuente del término tgfbne
9 (RLIN) 193628
Datos o término principal de género/forma Catálogos de exposiciones
700 1# - ENTRADA AGREGADA--NOMBRE PERSONAL
Nombre de persona Roig, Alfonso.
9 (RLIN) 98994
700 1# - ENTRADA AGREGADA--NOMBRE PERSONAL
Nombre de persona González, Roberta.
9 (RLIN) 58378
830 0# - PUNTO DE ACCESO ADICIONAL DE SERIE-TÍTULO UNIFORME
Título uniforme Cuadernos de arte. Colección ordinaria
Designación de volumen o secuencia 60
9 (RLIN) 180064
852 ## - LOCALIZACIÓN
Ubicación ES-MaACL
Número de control de estantería 2191-F-23
Sublocalización o colección R.138103
942 ## - ELEMENTOS DE ENTRADA SECUNDARIOS (KOHA)
Fuente del sistema de clasificación o colocación Clasificación decimal universal
Holdings
Estatus retirado Estado de pérdida Estado de daño No para préstamo Colección Biblioteca de origen Biblioteca actual Ubicación en estantería Fecha de adquisición Fuente de adquisición Total de préstamos Signatura topográfica completa Código de barras Visto por última vez Precio de reemplazo Tipo de ítem Koha
        Colección de folletos Biblioteca del Ateneo de Madrid Biblioteca del Ateneo de Madrid Depósito folletos 17/01/2008     2191-F-23 1111061 23/02/2023 23/02/2023 Folleto